| 000 | 00530 a2200169 4500 | ||
|---|---|---|---|
| 999 |
_c6103 _d6103 |
||
| 020 | _a9788122412239 | ||
| 050 | _aTA 775 RAN 2000 | ||
| 100 |
_aRanjan, Gopal _eAuthor |
||
| 245 |
_aBasic and applied soil mechanics / _cGopal Ranjani and A. S. R. Rao |
||
| 250 | _aRev 2nd ed. | ||
| 264 |
_aNew Delhi: _bNew Age International Pvt Limited Publishers, _c2000 |
||
| 300 |
_axii, 762p. : _bill. |
||
| 500 | _aIncludes index | ||
| 650 | _aSoil mechanics | ||
| 700 |
_aRao, A. S. R _eAuthor |
||
| 942 |
_2lcc _cBK _eRev 2nd ed. _h715 _iRAN _kTA |
||